Event Marketing and Management (Record no. 920)

MARC details
000 -LEADER
Fixed length control field 00494nam a2200169 4500
003 - CONTROL NUMBER IDENTIFIER
Control field SEACOMMC
005 - DATE AND TIME OF LATEST TRANSACTION
Control field 20250429112346.0
008 - FIXED-LENGTH DATA ELEMENTS--GENERAL INFORMATION
Fixed length control field 241221b |||||||| |||| 00| 0 eng d
020 ## - INTERNATIONAL STANDARD BOOK NUMBER / ISBN
International Standard Book Number 81-2591-449-8
Price Rs.250.00
040 ## - CATALOGING SOURCE
Original cataloging agency SEACOMMC
082 ## - DEWEY DECIMAL CLASSIFICATION NUMBER
Classification number 658.456
Book Number G 273
100 ## - MAIN ENTRY--PERSONAL NAME
Personal name Gaur, Sanjaya Singh
245 1# - TITLE STATEMENT
Title Event Marketing and Management
Statement of responsibility Sanjaya Singh Gaur [and] Sanjay V Saggere
260 ## - IMPRINT
Place of publication New Delhi
Name of publisher Vikas Publishing House
Date of publication 2003
650 ## - SUBJECT ADDED ENTRY--TOPICAL TERM
Topical term Event Management
942 ## - ADDED ENTRY ELEMENTS (KOHA)
Koha item type Books
Holdings
Withdrawn status Lost status Source of classification Damaged status Not for loan Home library Current library Shelving location Date acquired Total Checkouts Call number Accession number Date last seen Price effective from Koha item type Copy number
    Dewey Decimal Classification     SEACOM MANAGEMENT COLLEGE SEACOM MANAGEMENT COLLEGE Reference 11/12/2007   658.456 G 273 M-1245 21/12/2024 21/12/2024 Books  
    Dewey Decimal Classification     SEACOM MANAGEMENT COLLEGE SEACOM MANAGEMENT COLLEGE   11/12/2007   658.456 G 273 M-1246 21/12/2024 21/12/2024 Books 1
    Dewey Decimal Classification     SEACOM MANAGEMENT COLLEGE SEACOM MANAGEMENT COLLEGE   11/12/2007   658.456 G 273 M-1247 21/12/2024 21/12/2024 Books 2
    Dewey Decimal Classification     SEACOM MANAGEMENT COLLEGE SEACOM MANAGEMENT COLLEGE   11/12/2007   658.456 G 273 M-1248 21/12/2024 21/12/2024 Books 3
    Dewey Decimal Classification     SEACOM MANAGEMENT COLLEGE SEACOM MANAGEMENT COLLEGE   11/12/2007   658.456 G 273 M-1249 21/12/2024 21/12/2024 Books 4
    Dewey Decimal Classification     SEACOM MANAGEMENT COLLEGE SEACOM MANAGEMENT COLLEGE   11/12/2007   658.456 G 273 M-1250 21/12/2024 21/12/2024 Books 5
    Dewey Decimal Classification     SEACOM MANAGEMENT COLLEGE SEACOM MANAGEMENT COLLEGE   11/12/2007   658.456 G 273 M-1251 21/12/2024 21/12/2024 Books 6
    Dewey Decimal Classification     SEACOM MANAGEMENT COLLEGE SEACOM MANAGEMENT COLLEGE   11/12/2007   658.456 G 273 M-1252 21/12/2024 21/12/2024 Books 7
    Dewey Decimal Classification     SEACOM MANAGEMENT COLLEGE SEACOM MANAGEMENT COLLEGE   11/12/2007   658.456 G 273 M-1253 21/12/2024 21/12/2024 Books 8
© Seacom Engineering College, All rights reserved.    Powered by Koha